000 00808nam a22002175i 4500
001 168733
003 ES-MaACL
005 20230906213855.0
008 080528s2006 sp |||| | spa d
020 _a84-96465-24-1
080 _a349.2(460)
245 0 0 _aEstudios de doctrina judicial 1
_b: series de este volumen, derechos laborales, extinción del contrato, proceso laboral /
_cGabinete de Estudios Jurídicos CC.OO.
260 _aAlbacete :
_bAltabán,
_c2006.
300 _a341 p. ;
_c24 cm.
490 1 _aDocumentos de derecho laboral
650 1 4 _aDerecho laboral-
_zEspaña-
_xCasos.
_911727
710 2 _aComisiones Obreras.
_bGabinete de Estudios Jurídicos.
_9137820
830 0 _aDocumentos de derecho laboral
_9222757
852 4 _aES-MaACL
_jL-29489
_9R.143031
999 _c168733
_d168733